00305nam a2200133Ia 4500008004100000100002100041245002000062250001200082260003300094300000800127650001400135942000700149999001500156190216s9999||||xx |||||||||||||| ||und|| aSundharan. K.P.M 0aEconomic Theory a6th Ed. bRatan Prakashan Mandirc1983 a655 aEconomics cBK c9738d9738